Karavali Karnatakada rajakiya itihasa adhyayana mattu samshodhane (Record no. 102674)
[ view plain ]
| 000 -LEADER | |
|---|---|
| fixed length control field | 03612nam a2200217Ia 4500 |
| 003 - CONTROL NUMBER IDENTIFIER | |
| control field | OSt |
| 005 - DATE AND TIME OF LATEST TRANSACTION | |
| control field | 20241109105223.0 |
| 008 - FIXED-LENGTH DATA ELEMENTS--GENERAL INFORMATION | |
| fixed length control field | 210210b1998 xxu||||| |||| 00| 0 eng d |
| 040 ## - CATALOGING SOURCE | |
| Transcribing agency | AL |
| 041 ## - LANGUAGE CODE | |
| Language code of text/sound track or separate title | Kannada |
| 082 ## - DEWEY DECIMAL CLASSIFICATION NUMBER | |
| Classification number | 954.871K VASK |
| 100 ## - MAIN ENTRY--PERSONAL NAME | |
| Personal name | VASANTA MADHAVA (KG) |
| 9 (RLIN) | 90768 |
| Dates associated with a name | ವಸಂತ ಮಾಧವ (ಕೆಜಿ) |
| 245 ## - TITLE STATEMENT | |
| Title | Karavali Karnatakada rajakiya itihasa adhyayana mattu samshodhane |
| Remainder of title | ಕರಾವಳಿ ಕರ್ನಾಟಕದ ರಾಜಕೀಯ ಇತಿಹಾಸ ಅಧ್ಯಯನ ಮತ್ತು ಸಂಶೋಧನೆ |
| 260 ## - PUBLICATION, DISTRIBUTION, ETC. | |
| Place of publication, distribution, etc. | Haleyangadi |
| Name of publisher, distributor, etc. | Nammi Ananta Prakashana |
| Date of publication, distribution, etc. | 1998 |
| 300 ## - PHYSICAL DESCRIPTION | |
| Extent | x,203 |
| 520 ## - SUMMARY, ETC. | |
| Summary, etc. | ಭಾಗ - ೧ - ರಾಜಕೀಯ ಇತಿಹಾಸ ಸಮಿಾಕ್ಷೆ:<br/>ಪೀಠಿಕೆ - ಇತಿಹಾಸ ಅಧ್ಯಯನ ಮತ್ತು ಸಂಶೋಧನೆ, ಸ್ವಾತಂತ್ರ ಪೂರ್ವ ತುಳು ನಾಡಿನ ಇತಿಹಾಸ ಗ್ರಂಥಗಳು - ವಿಮರ್ಶೆ, ಕರಾವಳಿ ಕರ್ನಾಟಕದ ಇತಿಹಾಸ ಅಧ್ಯಯನದ ಮಹತ್ವ, ದಕ್ಷಿಣ ಕನ್ನಡ ಜಿಲ್ಲೆಯ ರಾಜಕೀಯ ಇತಿಹಾಸ ಸಮೀಕ್ಷೆ, ಗೇರಸೊಪ್ಪೆಯ ಸಾಳ್ವರು, ಭಟ್ಕಳ - ಗೇರಸೊಪ್ಪೆಯ ರಾಣಿಯರು - ಪೋರ್ತುಗೀಜರು.<br/>ಭಾಗ - ೨ – ಆಕರಗಳು:<br/>ಕಡತ - ಪೋರ್ತುಗೀಜ ದಾಖಲೆ ಮತ್ತು ಶಾಸನಗಳ ತೌಲನಾತ್ಮಿಕ ಅಧ್ಯಯನ, ಕರಾವಳಿ ಕರ್ನಾಟಕದಲ್ಲಿರುವ ಅಪರೂಪ ದಾಖಲೆಗಳು, ಕೊಚ್ಚಿ ಪತ್ರಗಾರದಲ್ಲಿರುವ ಕನ್ನಡ ಇತಿಹಾಸ ದಾಖಲೆ, ಉತ್ತರ ಕನ್ನಡ ಜಿಲ್ಲೆ : ವಿದೇಶಿ ಇತಿಹಾಸಕಾರರ ದೃಷ್ಟಿಯಲ್ಲಿ, ದಕ್ಷಿಣ ಕನ್ನಡ ಜಿಲ್ಲೆಯ ಇತಿಹಾಸಕ್ಕೆ ವಿದೇಶಿ ಆಕರಗಳು.<br/>ಭಾಗ - ೩ - ಕರ್ನಾಟಕ ಮತ್ತು ಕರಾವಳಿ ಅರಸು ಮನೆತನಗಳು:<br/>ಕದಂಬರು - ತುಳು ಪಾಳೆಯಗಾರರು ಭಾವನಾತ್ಮಕ ಸಂಬಂಧ, ಕರಾವಳಿ ಕರ್ನಾಟಕದ ತುಂಡರಸುಗಳು ಮತ್ತು ವಿಜಯನಗರ ಚಕ್ರವರ್ತಿಗಳು, ವಿಶ್ಲೇಷಣೆ, ಕರಾವಳಿ ಕರ್ನಾಟಕದಲ್ಲಿ ಕೆಳದಿಯ ನಾಯಕರು, ಗೇರಸೊಪ್ಪೆ ಅರಸರು - ಕೆಳದಿ ನಾಯಕರು ಕೆಳದಿ ಅರಸರ ತೆರಿಗೆ ಪದ್ಧತಿ, ಶಿವಾಜಿಯ ಬನ್ನೂರು ದಾಳಿ, ಹೈದರಾಲಿ ಟಿಪ್ಪು ಸುಲ್ತಾನ - ಕರಾವಳಿ ಕರ್ನಾಟಕ.<br/>ಭಾಗ - ೪ - ಕರಾವಳಿ ಕರ್ನಾಟಕದ ಅರಸು ಮನೆತನಗಳ ಸಂಶೋಧನಾತ್ಮಕ ಅಧ್ಯಯನ:<br/>ಭೂತ ಪಾಂಡ್ಯನ ಐತಿಹಾಸಿಕ ಹಿನ್ನಲೆ, ಕಳಸ ಕಾರ್ಕಳ ಅರಸರು ಮತ್ತು ಶೃಂಗೇರಿ ಮಠ, ಚೌಟ - ಭೈರಸ ಒಡೆಯರ ರಾಜಕೀಯ ಸಂಬಂಧ ವಿಶ್ಲೇಷಣೆ, ಕಾರ್ನಾಡಿನ ರಾಣಿ, ಸ್ವಾದಿ ಅರಸುಮನೆತನ ರಾಜಕೀಯ ಸಂಬಂಧ - ವಿಸ್ತಾರ, ಪರಿಶಿಷ್ಟ<br/> |
| 650 ## - SUBJECT ADDED ENTRY--TOPICAL TERM | |
| Topical term or geographic name entry element | Research and Study on Political History of Costal Karnataka |
| 9 (RLIN) | 183875 |
| 690 ## - LOCAL SUBJECT ADDED ENTRY--TOPICAL TERM (OCLC, RLIN) | |
| Topical term or geographic name as entry element | South Kanara /South Canara |
| 9 (RLIN) | 90769 |
| 906 ## - LOCAL DATA ELEMENT F, LDF (RLIN) | |
| a | 055013 |
| 942 ## - ADDED ENTRY ELEMENTS (KOHA) | |
| Source of classification or shelving scheme | Dewey Decimal Classification |
| Koha item type | Book |
| Withdrawn status | Lost status | Source of classification or shelving scheme | Damaged status | Not for loan | Collection code | Home library | Current library | Date acquired | Cost, normal purchase price | Total Checkouts | Full call number | Barcode | Date last seen | Price effective from | Koha item type | Source of acquisition |
|---|---|---|---|---|---|---|---|---|---|---|---|---|---|---|---|---|
| Dewey Decimal Classification | History | St Aloysius Library | St Aloysius Library | 02/17/2021 | 150.00 | 954.871K VASK | 055013 | 02/17/2021 | 02/17/2021 | Book | ||||||
| Dewey Decimal Classification | Restricted Book | History | St Aloysius Library | St Aloysius Library | 02/17/2021 | 25.00 | 954.871K VASK | 055011 | 02/17/2021 | 02/17/2021 | Book | Karnataka tulu sahitya akademi, Mangaluru. | ||||
| Dewey Decimal Classification | History | St Aloysius Library | St Aloysius Library | 02/17/2021 | 150.00 | 954.871K VASK | 055012 | 02/17/2021 | 02/17/2021 | Book |